000 00404cam a2200169ua 4500
020 _c16.80
041 _aeng
_h
082 _a535
_bDIT/LI
100 _aDitchburn, R.W .
245 _aLight /
_cR.W.Ditchburn.
_hTextual Documents
260 _a :
_bEnglish Language Book Society ,
_c1963.
300 _a833 :
_b` ; .
365 _a16.80
504 _a
942 _cBK
999 _c1754
_d1754